Nociones de espacios normados y sus aplicaciones al análisis

Saved in:
Bibliografiske detaljer
Main Authors: Cotlar, Mischa (Author), Cignoli, Roberto (Author)
Format: Bog
Sprog:spansk
Udgivet: Buenos Aires EUDEBA 1967
Serier:Ediciones Previas. Matemáticas
Fag:
Tags: Tilføj Tag
Ingen Tags, Vær først til at tagge denne postø!

MARC

LEADER 00000nam a2200000 a 4500
001 UCU3689
003 CL-VaPUC
008 960510e19670000AG |||||||||||||||||spa|d
082 0 4 |a 515.7  |b COT  |2 21 
100 0 |a Cotlar, Mischa  |e author  |9 360783 
700 0 |a Cignoli, Roberto  |e author  |9 360784 
245 1 0 |a Nociones de espacios normados y sus aplicaciones al análisis 
300 |a v 
942 |c BK 
945 |d 19960510 00:00:00  |a paguirre 
260 |a Buenos Aires  |b EUDEBA  |c 1967 
650 0 |a Ecuaciones  |9 260137 
650 0 |a Análisis de Fourier  |9 260464 
650 0 |a Cálculo integral  |9 260103 
650 7 |a OPERADORES LOGICOS  |2 CL-VaPUC  |9 360785 
650 0 |a Funciones   |9 263869 
650 7 |a SIMBOLOS MATEMATICOS  |2 CL-VaPUC  |9 351656 
583 |a last modification  |c 19960510 00:00:00  |k Rodrigo Vera 
490 0 |a Ediciones Previas. Matemáticas 
999 |c 247613  |d 247611 
952 |0 0  |1 0  |4 0  |6 515_700000000000000_COT_1967  |7 0  |8 A  |9 263649  |a BIBMAT  |b BIBMAT  |d 2019-11-19  |h v.1  |i 2693402  |o 515.7 COT 1967  |p 2693402  |r 2025-01-07  |w 2019-11-19  |y BK  |k MAT 
952 |0 0  |1 0  |4 0  |6 515_700000000000000_COT_1967  |7 0  |8 A  |9 263650  |a BIBMAT  |b BIBMAT  |d 2019-11-19  |h v.1  |i 1318101  |o 515.7 COT 1967  |p 1318101  |r 2025-01-07  |w 2019-11-19  |y BK  |k MAT 
952 |0 0  |1 0  |4 0  |6 515_700000000000000_COT_1967  |7 0  |8 A  |9 263652  |a BIBMAT  |b BIBMAT  |d 2019-11-19  |h v.2  |i 1318357  |o 515.7 COT 1967  |p 1318357  |r 2025-01-07  |w 2019-11-19  |y BK  |k MAT